| 000 | 00862nam a22001937a 4500 | ||
|---|---|---|---|
| 005 | 20250902145619.0 | ||
| 010 | _aHIN-130324 | ||
| 020 |
_c250 _a9789391091606 |
||
| 035 | _aHN-102670 | ||
| 037 | _bDBAD | ||
| 082 | _a821 | ||
| 100 |
_aआनि , सरोज श्योराण _984496 |
||
| 245 |
_aअनुभूतियाँ / _cसरोज श्योराण आनि |
||
| 260 |
_aगुरुग्राम हरियाणा _bदि पाईट्र्री सोसाईटी आफ इंडिया _c2025 |
||
| 270 |
_aएच -23/16 , डी एल एफ फेज़-1 _aगुरुग्राम हरियाणा 122002 |
||
| 300 |
_a78 पृ.; _c21 सेमी (अजिल्द) |
||
| 700 |
_aखन्ना एवं वर्मा _984491 |
||
| 942 |
_2ddc _cHN _h821 _mआनि |
||
| 999 |
_c213245 _d213245 |
||